000 00685nam a22002177a 4500
999 _c1165
_d1165
003 AR-CdUCM
008 190226b ||||| |||| 00| 0 spa d
040 _aMUNICIPALIDAD PROVINCIAL DEL CUSCO
_cBIBLIOTECA MUNICIPAL DEL CUSCO
082 _a869.56 /
_bH28
100 _aHayward, Carolyn
_94569
245 _aUrpi Wachac :
_bY los peces /
_cHayward, Carolyn
260 _aLima :
_bConcytec,
_c1990
300 _a64 paginas ;
_bil,
_c25cm.
500 _aCuentos
505 _aMero y pintadilla -- pez globo -- Espondilo -- Cabillaca -- Pez viuda...
650 _aCuentos
_9312
650 _aLiteratura
_983
650 _aPeru
_9429
942 _2ddc
_cLIBROS
945 _apjha
_d2019-02-26